All Bronny James Teammates - Statistics

General Stats
  • This quiz has been taken 21 times
    14 since last reset
  • The average score is 12 of 24
Answer Stats
Seasons played with Answer % Correct
1 LeBron James
90%
Luka Doncic
90%
Anthony Davis
80%
Austin Reaves
70%
Dorian Finney-Smith
70%
Christian Koloko
60%
Dalton Knecht
60%
Gabe Vincent
60%
Jarred Vanderbilt
60%
Jaxson Hayes
60%
Rui Hachimura
60%
Alex Len
50%
Maxi Kleber
50%
Shake Milton
50%
Trey Jemison III
50%
Jordan Goodwin
40%
Markieff Morris
40%
Max Christie
40%
Dangelo Russell
30%
Cam Reddish
20%
Jalen Hood-Schifino
20%
Christian Wood
10%
Maxwell Lewis
10%
Quincy Olivari
10%
No matching quizzes found
Score Distribution
Percent of People with Each Score
Percentile by Number Answered
Your Score History
You have not taken this quiz since the last reset